| 000 | 00470 a2200145 4500 | ||
|---|---|---|---|
| 999 |
_c7376 _d7376 |
||
| 020 | _a9780750619110 | ||
| 050 | _aHD 62.5 WHI 1994 | ||
| 100 |
_aWhitehead, Geoffrey _eauthor |
||
| 245 |
_aBusiness studies: _b/ _cGeoffrey Whitehead |
||
| 264 |
_aOxford: _bMade Simple Books, _c1994 |
||
| 300 | _axi, 503p. | ||
| 500 | _aPrevious edition: published as Business and enterprise studies made simple, 1990. | ||
| 650 | _aBusiness | ||
| 942 |
_2lcc _cBK _e2nd edition _h62.5 _iWHI _kHD |
||